Music Quiz

Random Music or Artist Quiz

'Song' Songs Quiz Stats

 Plays Quiz Updated Oct 12, 2016

Challenge
Share
Tweet
Embed
Score 0/20 Timer 06:00
0 Plays Today
Artist Song % Correct
Elton JohnYour Song
55.3%
Sara BareillesLove Song
52.2%
SisqoThong Song
50.8%
Roberta FlackKilling Me Softly With His Song
40.7%
Blink-182Adam's Song
36.8%
Led ZeppelinImmigrant Song
36%
BlurSong 2
35.7%
Barry ManilowI Write the Songs
29.7%
Bob Marley and the WailersRedemption Song
29.6%
John DenverAnnie's Song
20.1%
Artist Song % Correct
SupertrampThe Logical Song
20%
Michael JacksonEarth Song
19.2%
Neil DiamondSong Sung Blue
18.5%
Earth, Wind & FireSing a Song
18%
Simon and Garfunkel59th Street Bridge Song (Feelin' Groovy)
17.6%
George HarrisonThis Song
14.4%
Stone Temple PilotsInterstate Love Song
14.1%
Red Hot Chili PeppersThe Zephyr Song
13.9%
The DoorsAlabama Song
10.9%
RadioheadPyramid Song
4.8%

You're not logged in!

Compare scores with friends on all Sporcle quizzes.
Join for Free
OR
Log In

You Might Also Like...

Show Comments

Extras

Top Quizzes Today


Score Distribution

Your Account Isn't Verified!

In order to create a playlist on Sporcle, you need to verify the email address you used during registration. Go to your Sporcle Settings to finish the process.

Report this User

Report this user for behavior that violates our Community Guidelines.

Details: